Después del liberalismo (Registro nro. 5690)

Detalles MARC
000 -LEADER
fixed length control field 01867 a2200229 4500
001 - CONTROL NUMBER
control field 54616
005 - DATE AND TIME OF LATEST TRANSACTION
control field 20260407155820.0
008 - FIXED-LENGTH DATA ELEMENTS--GENERAL INFORMATION
fixed length control field 260407a1998 arg spa d
003 - CONTROL NUMBER IDENTIFIER
control field AR-UNSa-BCEJYS
040 ## - CATALOGING SOURCE
Original cataloging agency AR-UNSa-BCEJYS
Language of cataloging spa
Transcribing agency AR-UNSa-BCEJYS
080 ## - UNIVERSAL DECIMAL CLASSIFICATION NUMBER
Universal Decimal Classification number 329.12
Common auxiliary subdivision Corriente liberal
020 ## - INTERNATIONAL STANDARD BOOK NUMBER
International Standard Book Number 968-23-2033-X
100 1# - MAIN ENTRY--PERSONAL NAME
Personal name Wallerstein, Immanuel
245 10 - TITLE STATEMENT
Title Después del liberalismo
250 ## - EDITION STATEMENT
Edition statement 2a. ed.
264 #1 - PRODUCTION, PUBLICATION, DISTRIBUTION, MANUFACTURE, AND COPYRIGHT NOTICE
Place of production, publication, distribution, manufacture México :
Name of producer, publisher, distributor, manufacturer Siglo Veintiuno editores
Date of production, publication, distribution, manufacture, or copyright notice 1998
300 ## - PHYSICAL DESCRIPTION
Extent 268 p.
Dimensions 21 cm.
505 ## - FORMATTED CONTENTS NOTE
Formatted contents note Primera parte: Después del decenio de 1990: ¿Es posible reconstruir? - 1. La guerra fría y el tercer mundo: ¿Los buenos tiempos pasados? - 2. Paz,estabilidad y legitimación,1990-2025/2050 - 3. ¿Qué esperanza hay para África? ¿Qué esperanza hay para el mundo? - Segunda parte: La construcción y el triunfo de la ideología liberal - 4. ¿Tres ideologías o una? La seudobatalla de la modernidad - 5. El liberalismo y la legitimación de los estdaos-nación: Una interpretación histórica - 6. El concepto de desarrollo nacional 1917-1989: Elegía y réquiem - Tercera parte: Los dilemas históricos de los liberales - 7. ¿El fin de cuál modernidad? - 8. Las insuperables contradicciones del liberalismo: Los derechos humanos y los derechos de los pueblos en la geo-cultura del sistema mundial moderno - 9. ¿Geocultura del desarrollo o la transformación de nuestra geocultura? - 10. Estados Unidos y el mundo: Hoy,ayer y mañana - Cuarta parte: ¿La muerte del socialismo o el capitalismo en peligro de muerte? - 11. La revolución como estrategia y las tácticas de transformación - 12. El marxismo después de la caída de los comunismos - 13. El colapso del liberalismo - 14. Las agonías del liberalismo.¿Qué esperar del progreso?
590 ## - LOCAL NOTE (RLIN)
Local note niveau_biblio:m niveau_hierar:0
700 1# - ADDED ENTRY--PERSONAL NAME
Personal name Mastrangelo, Stella
942 ## - ADDED ENTRY ELEMENTS (KOHA)
Koha item type
Existencias
Withdrawn status Lost status Damaged status Not for loan Home library Current library Shelving location Date acquired Total checkouts Full call number Barcode Date last seen Price effective from Koha item type
        Biblioteca Prof. Eusebio Cleto del Rey Biblioteca Prof. Eusebio Cleto del Rey   07/04/2026   329.12 W187 L86803 07/04/2026 07/04/2026 Libro